[Event "FIDE Chesscom Grand Swiss 2019"]
[Site "Douglas-Isle of Man"]
[Date "2019.10.19"]
[Round "9.19"]
[White "Vallejo Pons, Francisco"]
[Black "Lenderman, Aleksandr"]
[Result "1-0"]
[WhiteElo "2694"]
[BlackElo "2648"]
[Annotator "TA"]
[PlyCount "111"]
[EventDate "2019.10.10"]
[EventType "swiss"]
[EventCountry "GBR"]
[SourceTitle "playchess.com"]
[Source "ChessBase"]
[SourceQuality "1"]

{[%evp 10,111,33,25,37,7,8,6,12,0,0,0,0,0,0,0,0,-18,0,0,21,0,0,0,36,31,52,52,55,50,61,45,57,24,101,106,94,55,72,66,55,48,50,51,29,33,112,139,123,77,66,-43,-43,-50,-40,-51,-57,-74,-45,-48,0,0,8,0,194,-25,63,78,51,0,73,73,74,0,123,130,118,107,764,764,647,433,433,433,410,400,29938,12141,29977,29979,29983,29984,29984,29985,29985,29986,29986,29987,29995,29996,29996,29980,29979,29978]} 1. e4 e6 2. d4 d5 3. Nc3 dxe4 4. Nxe4 Nd7 5. g3 Be7 6. Nf3 Ngf6 {C10: French with 3 Nc3: Unusual Black 3rd moves and 3...dxe4} 7. Qe2 b6 (7... Nxe4 8. Qxe4 Rb8 9. Bg2 b5 10. O-O O-O 11. Rd1 Bb7 12. Qe2 Nf6 13. c3 a6 14. a4 {½-½ (45) Anand,V (2776)-Meier,G (2648) Karlsruhe/Baden-Baden 2018}) 8. Nxf6+ $146 ({Predecessor:} 8. Bg2 Bb7 9. O-O {0-1 (9) Lednicky,M (1973)-Rybansky,D (2199) Prievidza 1998}) 8... Bxf6 {The position is equal.} 9. Qe4 Rb8 10. Bb5 O-O 11. Bf4 Be7 12. O-O-O Bb7 13. Qe2 $1 Nf6 14. Kb1 Bd6 15. Bg5 h6 16. Bc1 Nd5 17. Ne5 Bxe5 18. dxe5 Qe7 19. Rhg1 a6 20. Bc4 (20. Bxa6 $6 Bxa6 21. Qxa6 b5 $11) 20... b5 21. Bxd5 exd5 (21... Bxd5 $11 22. g4 Qh4) 22. f4 $16 Rbe8 23. Qf2 c5 24. g4 d4 25. Rde1 f5 26. gxf5 Rxf5 27. Rg6 {Strongly threatening Reg1.} Kh8 ({Better is} 27... Qf7 $14 28. Reg1 Rg5 29. R6xg5 (29. R1xg5 hxg5 30. Rxg5 Be4 $14) 29... hxg5) 28. Reg1 $1 Rg8 29. Qg3 {White threatens Rxh6+! and mate.} Bd5 30. e6 (30. Rxa6 $14 Rh5 31. Rd6) 30... Bxe6 $15 31. Re1 Rf6 32. f5 Rxg6 33. fxg6 Qf6 {And now ...Bf5 would win.} (33... Re8 $5 {[%cal Re6a2]} 34. b3 Qd8 $15) 34. h4 $1 Bf5 35. h5 c4 36. Bd2 Rc8 $2 {[#]} (36... Bd7 $11) 37. Kc1 $2 (37. Qc7 $1 $18 {[%cal Rc7c8][%mdl 512] White wants to mate with Qxc8+!} Kg8 {[#]} (37... Rxc7 38. Re8+) 38. Bb4 $3 {[%mdl 512]}) 37... c3 (37... Bd7 $11) 38. bxc3 $14 Qf8 39. Kb1 (39. Qe5 $1 $14) 39... dxc3 (39... a5 $1 $11) 40. Bxc3 $16 b4 41. Bb2 $40 {[%mdl 128] White is up to no good.} (41. Bd4 $16 {Qe3 is the strong threat.} b3 42. Qe3 bxc2+ 43. Kc1) 41... b3 ({Don't go for} 41... Rxc2 $2 42. Ka1 $18) (41... Bxc2+ $11 42. Ka1 Re8) 42. axb3 {[%cal Ba2b3,Bb3b4,Bb4b5][%mdl 32] Hoping for Qe3.} Bxc2+ ({Avoid the trap} 42... Rxc2 $2 43. Ka1 $18) 43. Ka1 Rc5 $2 {[%mdl 8192]} (43... Rb8 $16) 44. b4 $18 Rf5 45. Qe3 {Qxh6+ would kill now.} Rxh5 46. Qe8 {[%cal Re8f8]} Rf5 {[#] intending ...Rf1.} 47. b5 $1 {[%mdl 512] Black must now prevent Ba3.} Bb3 (47... Rf1 $18 48. Qxf8+ Rxf8) (47... axb5 48. Ba3) 48. b6 {Intending b7 and mate.} Ra5+ 49. Kb1 {White mates.} Ba2+ 50. Kc2 Rc5+ {[#]} 51. Bc3 $1 {[%mdl 512]} Rc8 52. Qxf8+ Rxf8 53. Re7 Rg8 {[#]} 54. Rxg7 $1 {[%mdl 576] Promotion} Rxg7 55. Bxg7+ Kxg7 56. b7 {Accuracy: White = 72%, Black = 39%.} 1-0

[Event "FIDE Chesscom Grand Swiss 2019"]
[Site "Douglas-Isle of Man"]
[Date "2019.10.19"]
[Round "9.19"]
[White "Huschenbeth, Niclas"]
[Black "Ponomariov, Ruslan"]
[Result "1/2-1/2"]
[WhiteElo "2624"]
[BlackElo "2675"]
[Annotator "TA"]
[PlyCount "52"]
[EventDate "2019.10.10"]
[EventType "swiss"]
[EventCountry "GBR"]
[SourceTitle "playchess.com"]
[Source "ChessBase"]
[SourceQuality "1"]

{[%evp 23,52,61,49,11,27,13,15,19,21,21,27,18,71,42,48,44,45,0,0,0,0,0,0,0,0,0,0,0,0,0,0]} 1. e4 c5 2. Nf3 d6 3. d4 cxd4 4. Nxd4 Nf6 5. Nc3 Nc6 6. Bg5 e6 7. Qd2 a6 8. O-O-O Bd7 9. f4 Be7 10. Nf3 b5 11. Bxf6 gxf6 12. f5 Qb6 13. Qh6 {B69: Sicilian: Richter-Rauzer: 7...a6 8 0-0-0 Bd7 9 f4 Be7 10 Nf3 b5 11 Bxf6} (13. Kb1 O-O-O 14. g3 Kb8 15. fxe6 fxe6 16. Bh3 Na5 17. Nd4 b4 18. Nce2 e5 19. Bxd7 Rxd7 20. Nf5 Nc4 21. Qd3 Rc8 22. Ka1 Bf8 23. b3 Na3 24. c4 bxc3 25. Nxc3 {½-½ (64) Navara,D (2734)-Saric,I (2681) Patras 2019}) 13... O-O-O 14. Qh5 $146 ({Predecessor:} 14. Kb1 Kb8 15. Qg7 h5 16. fxe6 fxe6 17. Nd4 Rde8 18. Nxc6+ Qxc6 19. a3 Bd8 20. Qg3 Be7 {1-0 (65) Vucinic,G (2377)-Dimic,P (2198) Kavala 2014}) 14... Rhf8 15. Kb1 Kb8 16. Bd3 Ne5 17. Ne2 b4 (17... Nxd3 $11 {keeps the balance.} 18. cxd3 (18. Rxd3 Bc6 $11) 18... e5) 18. fxe6 fxe6 19. Nxe5 dxe5 20. Qxh7 Qc5 {The position is equal.} 21. Bxa6 Rh8 $1 {[%cal Rh8h7]} 22. Qf7 Rdf8 $1 {[%cal Rf8f7]} 23. Qg7 Rfg8 24. Qf7 Rf8 25. Qg7 Rfg8 26. Qf7 Rf8 {Accuracy: White = 74%, Black = 82%.} 1/2-1/2

[Event "FIDE Chesscom Grand Swiss 2019"]
[Site "Douglas-Isle of Man"]
[Date "2019.10.19"]
[Round "9.20"]
[White "Demchenko, Anton"]
[Black "L'Ami, Erwin"]
[Result "*"]
[WhiteElo "2655"]
[BlackElo "2619"]
[Annotator "RC"]
[PlyCount "39"]
[EventDate "2019.10.10"]
[EventType "swiss"]
[EventCountry "GBR"]
[SourceTitle "playchess.com"]
[Source "ChessBase"]
[SourceQuality "1"]
[TimeControl "40/6000+30:20/3000+30:900+30"]

1. e4 {[%emt 0:00:00]} e5 {[%emt 0:00:00]} 2. Nf3 {[%emt 0:00:00]} Nc6 {[%emt 0:00:00]} 3. Bc4 {[%emt 0:00:09]} Bc5 {[%emt 0:00:03]} 4. d3 {[%emt 0:00:06]} Nf6 {[%emt 0:00:10]} 5. O-O {[%emt 0:01:04]} h6 {[%emt 0:00:15]} 6. c3 {[%emt 0:00:31]} d6 {[%emt 0:00:09]} 7. Nbd2 {[%emt 0:01:26]} O-O {[%emt 0:01:27]} 8. h3 {[%emt 0:00:54]} a6 {[%emt 0:00:38]} 9. a4 {[%emt 0:00:09]} Ba7 {[%emt 0:01:44]} 10. Re1 {[%emt 0:00:31]} Re8 {[%emt 0:00:10]} 11. b4 {[%emt 0:00:14]} Be6 {[%emt 0:00:09]} 12. Bxe6 {[%emt 0:00:05]} Rxe6 {[%emt 0:00:08]} 13. Bb2 {[%emt 0:00:39]} Ne7 {[%emt 0:02:49]} 14. Nf1 {[%emt 0:01:41]} Nh5 {[%emt 0:05:04]} 15. Ne3 {[%emt 0:18:37]} Nf4 {[%emt 0:06:40]} 16. g3 {[%emt 0:25:37]} Nxh3+ {[%emt 0:04:19]} 17. Kg2 {[%emt 0:00:04]} Ng5 {[%emt 0:02:00]} 18. Nxg5 {[%emt 0:00:05]} hxg5 {[%emt 0:00:11]} 19. Qh5 {[%emt 0:03:05]} Bxe3 {[%emt 0:06:25]} 20. Rxe3 {[%emt 0:00:17]} *

[Event "FIDE Chesscom Grand Swiss 2019"]
[Site "Douglas-Isle of Man"]
[Date "2019.10.19"]
[Round "9.20"]
[White "Akopian, Vladimir"]
[Black "Inarkiev, Ernesto"]
[Result "1/2-1/2"]
[WhiteElo "2638"]
[BlackElo "2693"]
[Annotator "TA"]
[PlyCount "97"]
[EventDate "2019.10.10"]
[EventType "swiss"]
[EventCountry "GBR"]
[SourceTitle "playchess.com"]
[Source "ChessBase"]
[SourceQuality "1"]

{[%evp 16,97,25,0,32,37,32,41,41,0,22,0,0,0,0,2,0,0,0,-81,-79,-68,-74,-79,-61,-55,-60,-70,-37,-88,0,0,0,0,0,0,0,0,0,-7,-11,-37,-60,-160,0,0,0,0,14,14,14,14,14,14,14,14,14,14,14,14,29,14,65,67,123,106,112,0,0,0,0,0,0,0,0,0,0,0,0,0,0,0,0,0]} 1. e4 c5 2. Nf3 d6 3. d4 cxd4 4. Nxd4 Nf6 5. Nc3 a6 6. Be3 e6 7. f3 b5 8. Qd2 Nbd7 9. g4 b4 {B80: Sicilian Scheveningen: 6 g3 and 6 Be3, including English Attack} 10. Nce2 h6 11. O-O-O (11. Nf4 Bb7 12. Qxb4 Qc8 13. Qd2 e5 14. Nf5 exf4 15. Bxf4 Ne5 16. Be2 Qc7 17. O-O-O {0-1 (57) Topalov,V (2740)-Vachier Lagrave,M (2775) Riga 2019}) 11... Qc7 {White is slightly better.} 12. h4 d5 13. Rg1 dxe4 14. g5 hxg5 $1 15. hxg5 exf3 {[#]} 16. Bf4 $146 ({Predecessor:} 16. Nxf3 Ne4 17. Qd4 {½-½ (61) Ciron (2505)-Engineer (2459) playchess.com INT 2007}) 16... e5 17. gxf6 (17. Nxf3 $11 Ne4 18. Qd4 $1 {[%mdl 512]} Qxc2+ 19. Kxc2 exd4 20. Nexd4) 17... fxe2 18. Qxe2 gxf6 19. Bg2 Bb7 20. Bxb7 Qxb7 21. Nf5 Rc8 22. Be3 (22. Kb1 $15) 22... b3 (22... Qe4 $17 23. Ng3 Qc6) 23. axb3 $11 Qxb3 {White must now prevent ...Qa2.} 24. Kb1 $1 ({Much weaker is} 24. Qd2 Qe6 $17) 24... Qb5 25. Qg2 Qc6 26. Qe2 Rb8 27. Bc1 Nc5 {With the idea ...Ne4.} 28. Rg4 a5 {Threatens to win with ...Na4.} 29. Rgd4 {[#]} (29. Rc4 $15) 29... Rh1 $2 (29... Na4 $1 $17 {[%cal Ra4c3]} 30. R4d3 Nc3+ 31. Rxc3 Qxc3) 30. Nd6+ Bxd6 31. Rxd6 Qb7 32. Rxh1 $1 $40 {[%mdl 128] Black needs to defend precisely.} Qxh1 33. Rxf6 Ne4 {( -> ...Nc3+)} 34. Qe3 $1 Nxf6 35. Qxe5+ {[%mdl 64] Double Attack} Kd7 $1 {...Rb6 is the strong threat.} 36. Qxb8 {Threatening Qb5+.} Qd5 37. Qa7+ Ke6 38. Qa6+ Ke5 (38... Ke7 $11) 39. c4 $14 Qd8 (39... Qc5 $14) 40. Qb5+ Ke6 {[#]} 41. Bf4 (41. b3 $1 $16) 41... Qd3+ $11 {The position is equal.} 42. Ka2 {Strongly threatening Qe5+.} Ne4 43. Qe5+ Kd7 44. Qf5+ {[%mdl 64] Double Attack} Ke7 {aiming for ...Nc3+!} 45. Bg5+ Kd6 {Hoping for ...Nc3+!} 46. Bf4+ Ke7 {And now ...Nc3+! would win.} 47. Qe5+ Kd7 48. Qc7+ Ke6 49. Qe5+ {Accuracy: White = 57%, Black = 68%.} 1/2-1/2

[Event "FIDE Chesscom Grand Swiss 2019"]
[Site "Douglas-Isle of Man"]
[Date "2019.10.19"]
[Round "9.20"]
[White "Christiansen, Johan-Sebastian"]
[Black "Movsesian, Sergei"]
[Result "0-1"]
[WhiteElo "2558"]
[BlackElo "2654"]
[Annotator "ChessBase"]
[PlyCount "84"]
[EventDate "2019.10.10"]
[EventType "swiss"]
[EventCountry "GBR"]
[SourceTitle "playchess.com"]
[Source "ChessBase"]
[SourceQuality "1"]
[TimeControl "40/6000+30:20/3000+30:900+30"]

1. e4 {[%emt 0:00:01]} c5 {[%emt 0:00:00]} 2. Nf3 {[%emt 0:00:18]} e6 {[%emt 0:00:00]} 3. d4 {[%emt 0:00:16]} cxd4 {[%emt 0:00:00]} 4. Nxd4 {[%emt 0:00:04]} Nc6 {[%emt 0:00:05]} 5. Nc3 {[%emt 0:00:12]} Qc7 {[%emt 0:00:12]} 6. Be3 {[%emt 0:00:53]} a6 {[%emt 0:00:29]} 7. Qf3 {[%emt 0:01:10]} Bd6 {[%emt 0:01:22]} 8. O-O-O {[%emt 0:00:35]} Be5 {[%emt 0:00:25]} 9. Nxc6 {[%emt 0:03:25]} bxc6 {[%emt 0:01:04]} 10. Bd4 {[%emt 0:01:26]} Bxd4 {[%emt 0:01:56]} 11. Rxd4 {[%emt 0:00:19]} Nf6 {[%emt 0:00:36]} 12. Qe3 {[%emt 0:08:29]} e5 {[%emt 0:12:23]} 13. Rd2 {[%emt 0:06:22]} d6 {[%emt 0:09:45]} 14. Be2 {[%emt 0:37:53]} O-O {[%emt 0:09:02]} 15. f4 {[%emt 0:22:50]} Rb8 {[%emt 0:17:04]} 16. fxe5 {[%emt 0:02:37]} dxe5 {[%emt 0:00:20]} 17. Bc4 {[%emt 0:10:21]} Qa5 {[%emt 0:07:21]} 18. Rf1 {[%emt 0:02:27]} Qb4 {[%emt 0:01:31]} 19. b3 {[%emt 0:01:48]} Qa3+ {[%emt 0:05:00]} 20. Kb1 {[%emt 0:00:33]} Qb4 {[%emt 0:00:28]} 21. Ka1 {[%emt 0:01:54]} a5 {[%emt 0:03:14]} 22. Rd3 {[%emt 0:03:01]} Be6 {[%emt 0:02:11]} 23. Bxe6 {[%emt 0:00:23]} fxe6 {[%emt 0:00:03]} 24. Rfd1 {[%emt 0:01:33]} Kh8 {[%emt 0:05:31]} 25. Qg3 {[%emt 0:02:13]} Qc5 {[%emt 0:01:24]} 26. Qe3 {[%emt 0:00:17]} Qb4 {[%emt 0:00:36]} 27. Qg3 {[%emt 0:00:02]} Qc5 {[%emt 0:01:00]} 28. Kb2 {[%emt 0:01:06]} h6 {[%emt 0:01:21]} 29. Qe3 {[%emt 0:00:14]} Qb4 {[%emt 0:00:52]} 30. Qg3 {[%emt 0:00:41]} a4 {[%emt 0:01:52]} 31. Qe1 {[%emt 0:01:11]} c5 {[%emt 0:01:53]} 32. a3 {[%emt 0:00:29]} Qa5 {[%emt 0:03:22]} 33. Rd6 {[%emt 0:00:15]} axb3 {[%emt 0:01:31]} 34. cxb3 {[%emt 0:00:01]} Rb7 {[%emt 0:02:19]} 35. Qd2 {[%emt 0:00:10]} Kh7 {[%emt 0:01:02]} 36. Ka2 {[%emt 0:01:09]} c4 {[%emt 0:04:39]} 37. Rb1 {[%emt 0:00:26]} Ra8 {[%emt 0:02:32]} 38. Qc1 {[%emt 0:01:21]} Qb4 {[%emt 0:01:37]} 39. bxc4 {[%emt 0:00:33]} Qxc4+ {[%emt 0:00:46]} 40. Ka1 {[%emt 0:00:05]} Rxb1+ {[%emt 0:01:10]} 41. Kxb1 {[%emt 0:50:11]} Rb8+ {[%emt 0:51:06]} 42. Ka1 {[%emt 0:00:00]} Nxe4 {[%emt 0:00:00]} 0-1

[Event "FIDE Chesscom Grand Swiss 2019"]
[Site "Douglas-Isle of Man"]
[Date "2019.10.19"]
[Round "9.21"]
[White "Grandelius, Nils"]
[Black "Mamedov, Rauf"]
[Result "1/2-1/2"]
[WhiteElo "2691"]
[BlackElo "2645"]
[Annotator "TA"]
[PlyCount "48"]
[EventDate "2019.10.10"]
[EventType "swiss"]
[EventCountry "GBR"]
[SourceTitle "playchess.com"]
[Source "ChessBase"]
[SourceQuality "1"]

{[%evp 12,48,53,41,46,31,48,31,29,24,49,64,36,9,10,0,0,0,0,0,0,0,0,0,0,0,0,0,0,0,0,0,0,0,0,0,0,0,0]} 1. e4 e5 2. Nf3 Nc6 3. Bb5 a6 4. Ba4 Nf6 5. O-O Bc5 6. c3 b5 7. Bc2 d5 {C78: Ruy Lopez: Archangelsk and Möller Defences} 8. d4 (8. a4 dxe4 9. axb5 exf3 10. Qxf3 e4 11. Bxe4 Ne5 12. Qe2 O-O 13. d4 Bg4 14. Qc2 Nxe4 15. Qxe4 {½-½ (58) Dominguez Perez,L (2763)-Caruana,F (2818) Saint Louis 2019}) 8... dxe4 {[%cal Re5d4]} 9. Nxe5 Nxe5 {White is slightly better.} 10. dxc5 Qe7 11. Bg5 $146 ({Predecessor:} 11. Bxe4 Nxe4 12. Qd5 Nxc5 13. Qxa8 O-O 14. Be3 Ncd3 15. Nd2 {0-1 (28) Swiercz,D (2656)-Hammer,J (2662) Saint Louis 2018}) 11... Bb7 12. Re1 h6 {The position is equal.} 13. Bxf6 (13. Bh4 {is more complex.} Rd8 14. Qe2 O-O 15. b4 g5 16. Bg3) 13... Qxf6 14. Bxe4 Bxe4 15. Rxe4 {[#] Qd5 is the strong threat.} O-O 16. Qe2 Nd7 17. Nd2 Nxc5 18. Re3 Rad8 19. Ne4 Nxe4 20. Rxe4 Rd7 21. Re8 Rd8 22. Re4 Rd7 23. Re8 Rd8 24. Re4 Rd7 {Accuracy: White = 85%, Black = 71%.} 1/2-1/2

[Event "FIDE Chesscom Grand Swiss 2019"]
[Site "Douglas-Isle of Man"]
[Date "2019.10.19"]
[Round "9.21"]
[White "Riazantsev, Alexander"]
[Black "Gonzalez Vidal, Yuri"]
[Result "1-0"]
[WhiteElo "2645"]
[BlackElo "2552"]
[Annotator "ChessBase"]
[PlyCount "93"]
[EventDate "2019.10.10"]
[EventType "swiss"]
[EventCountry "GBR"]
[SourceTitle "playchess.com"]
[Source "ChessBase"]
[SourceQuality "1"]
[TimeControl "40/6000+30:20/3000+30:900+30"]

1. e4 {[%emt 0:00:00]} e5 {[%emt 0:00:00]} 2. Nf3 {[%emt 0:00:00]} Nc6 {[%emt 0:00:12]} 3. d4 {[%emt 0:00:00]} exd4 {[%emt 0:00:33]} 4. Nxd4 {[%emt 0:00:00]} Bc5 {[%emt 0:00:33]} 5. Nb3 {[%emt 0:01:22]} Bb6 {[%emt 0:00:18]} 6. Qe2 {[%emt 0:00:43]} d6 {[%emt 0:06:03]} 7. Nc3 {[%emt 0:03:00]} Nf6 {[%emt 0:04:05]} 8. Be3 {[%emt 0:05:18]} O-O {[%emt 0:04:11]} 9. O-O-O {[%emt 0:00:39]} Be6 {[%emt 0:26:18]} 10. Kb1 {[%emt 0:11:40]} Re8 {[%emt 0:02:46]} 11. f3 {[%emt 0:02:26]} d5 {[%emt 0:08:54]} 12. Bg5 {[%emt 0:11:31]} d4 {[%emt 0:00:29]} 13. Na4 {[%emt 0:00:11]} Qe7 {[%emt 0:10:01]} 14. Qe1 {[%emt 0:03:37]} h6 {[%emt 0:02:45]} 15. Bh4 {[%emt 0:00:35]} Bxb3 {[%emt 0:05:11]} 16. cxb3 {[%emt 0:02:30]} Ba5 {[%emt 0:00:14]} 17. Qf2 {[%emt 0:02:59]} a6 {[%emt 0:02:50]} 18. Qc2 {[%emt 0:07:45]} Bb4 {[%emt 0:01:37]} 19. a3 {[%emt 0:04:59]} Bd6 {[%emt 0:00:20]} 20. b4 {[%emt 0:01:25]} Rab8 {[%emt 0:09:49]} 21. Be2 {[%emt 0:11:16]} Red8 {[%emt 0:02:26]} 22. Rhe1 {[%emt 0:07:40]} Bf4 {[%emt 0:08:29]} 23. Nc5 {[%emt 0:02:30]} Be3 {[%emt 0:00:58]} 24. Nxa6 {[%emt 0:07:44]} bxa6 {[%emt 0:01:12]} 25. Qxc6 {[%emt 0:00:09]} a5 {[%emt 0:01:54]} 26. Qc5 {[%emt 0:03:21]} Qe8 {[%emt 0:05:31]} 27. Bxf6 {[%emt 0:03:40]} gxf6 {[%emt 0:00:28]} 28. Qxa5 {[%emt 0:00:03]} c5 {[%emt 0:02:21]} 29. Qxc5 {[%emt 0:00:53]} Rdc8 {[%emt 0:00:11]} 30. Qd5 {[%emt 0:00:46]} Qa4 {[%emt 0:01:03]} 31. Bc4 {[%emt 0:01:23]} Rc7 {[%emt 0:00:07]} 32. Bb3 {[%emt 0:02:39]} Qa6 {[%emt 0:00:09]} 33. f4 {[%emt 0:03:17]} Bxf4 {[%emt 0:00:39]} 34. Rxd4 {[%emt 0:00:05]} Be5 {[%emt 0:00:22]} 35. Rc4 {[%emt 0:00:26]} Rxc4 {[%emt 0:01:22]} 36. Qxc4 {[%emt 0:01:19]} Qa7 {[%emt 0:00:46]} 37. Rd1 {[%emt 0:00:27]} Qf2 {[%emt 0:01:15]} 38. Qc2 {[%emt 0:01:54]} Qa7 {[%emt 0:01:08]} 39. g3 {[%emt 0:01:12]} Qb7 {[%emt 0:00:38]} 40. Bd5 {[%emt 0:01:34]} Qe7 {[%emt 0:00:42]} 41. Rc1 {[%emt 0:52:31]} Kg7 {[%emt 0:02:00]} 42. Qc5 {[%emt 0:00:00]} Qd7 {[%emt 0:00:35]} 43. Rc2 {[%emt 0:00:00]} Qg4 {[%emt 0:02:31]} 44. Ka2 {[%emt 0:00:00]} Qd1 {[%emt 0:04:16]} 45. Bb3 {[%emt 0:00:00]} Rd8 {[%emt 0:04:51]} 46. b5 {[%emt 0:00:00]} Qd7 {[%emt 0:02:24]} 47. Bd5 {[%emt 0:00:00]} 1-0

[Event "FIDE Chesscom Grand Swiss 2019"]
[Site "Douglas-Isle of Man"]
[Date "2019.10.19"]
[Round "9.21"]
[White "Christiansen, Johan-Sebastian"]
[Black "Movsesian, Sergei"]
[Result "*"]
[WhiteElo "2558"]
[BlackElo "2654"]
[Annotator "TA"]
[PlyCount "28"]
[EventDate "2019.10.10"]
[EventType "swiss"]
[EventCountry "GBR"]
[SourceTitle "playchess.com"]
[Source "ChessBase"]
[SourceQuality "1"]

{[%evp 11,26,40,41,33,42,42,37,9,16,10,19,19,28,29,62,62,51]} 1. e4 c5 2. Nf3 e6 3. d4 cxd4 4. Nxd4 Nc6 5. Nc3 Qc7 6. Be3 a6 7. Qf3 {B48: Sicilian: Taimanov: 5 Nc3 Qc7 6 Be3 a6 without Be2} Bd6 (7... Ne5 8. Qg3 h5 9. Bg5 f6 10. Bf4 Ne7 11. O-O-O Kf7 12. Bxe5 Qxe5 13. f4 h4 14. Qe3 Qc7 {1-0 (35) Ding,L (2811)-Shankland,S (2705) chess.com INT 2019}) 8. O-O-O {[#] And now Ndb5! would win.} Be5 $1 9. Nxc6 (9. g3 {is more complex.} Nf6 10. Qe2 d6 11. Bg2 O-O 12. a3) 9... bxc6 10. Bd4 Bxd4 11. Rxd4 Nf6 12. Qe3 e5 13. Rd2 d6 {[#]} {Predecessor:} 14. f4 $146 Ng4 {1-0 (63) Bok,B (2620)-Spoelman,W (2586) Netherlands 2017} *

[Event "FIDE Chesscom Grand Swiss 2019"]
[Site "Douglas-Isle of Man"]
[Date "2019.10.19"]
[Round "9.22"]
[White "Demchenko, Anton"]
[Black "L'Ami, Erwin"]
[Result "0-1"]
[WhiteElo "2655"]
[BlackElo "2619"]
[Annotator "RC"]
[PlyCount "76"]
[EventDate "2019.10.10"]
[EventType "swiss"]
[EventCountry "GBR"]
[SourceTitle "playchess.com"]
[Source "ChessBase"]
[SourceQuality "1"]
[TimeControl "40/6000+30:20/3000+30:900+30"]

1. e4 {[%emt 0:00:00]} e5 {[%emt 0:00:00]} 2. Nf3 {[%emt 0:00:00]} Nc6 {[%emt 0:00:00]} 3. Bc4 {[%emt 0:00:09]} Bc5 {[%emt 0:00:03]} 4. d3 {[%emt 0:00:06]} Nf6 {[%emt 0:00:10]} 5. O-O {[%emt 0:01:04]} h6 {[%emt 0:00:15]} 6. c3 {[%emt 0:00:31]} d6 {[%emt 0:00:09]} 7. Nbd2 {[%emt 0:01:26]} O-O {[%emt 0:01:27]} 8. h3 {[%emt 0:00:54]} a6 {[%emt 0:00:38]} 9. a4 {[%emt 0:00:09]} Ba7 {[%emt 0:01:44]} 10. Re1 {[%emt 0:00:31]} Re8 {[%emt 0:00:10]} 11. b4 {[%emt 0:00:14]} Be6 {[%emt 0:00:09]} 12. Bxe6 {[%emt 0:00:05]} Rxe6 {[%emt 0:00:08]} 13. Bb2 {[%emt 0:00:39]} Ne7 {[%emt 0:02:49]} 14. Nf1 {[%emt 0:01:41]} Nh5 {[%emt 0:05:04]} 15. Ne3 {[%emt 0:18:37]} Nf4 {[%emt 0:06:40]} 16. g3 {[%emt 0:25:37]} Nxh3+ {[%emt 0:04:19]} 17. Kg2 {[%emt 0:00:04]} Ng5 {[%emt 0:02:00]} 18. Nxg5 {[%emt 0:00:05]} hxg5 {[%emt 0:00:11]} 19. Qh5 {[%emt 0:03:05]} Bxe3 {[%emt 0:06:25]} 20. Rxe3 {[%emt 0:00:17]} Rg6 {[%emt 0:05:42]} 21. Rh1 {[%emt 0:06:06]} f6 {[%emt 0:02:10]} 22. Qd1 {[%emt 0:00:05]} Rh6 {[%emt 0:03:37]} 23. Ree1 {[%emt 0:07:59]} Qe8 {[%emt 0:04:58]} 24. d4 {[%emt 0:03:10]} Qf7 {[%emt 0:04:16]} 25. dxe5 {[%emt 0:08:28]} dxe5 {[%emt 0:05:59]} 26. Rxh6 {[%emt 0:00:30]} gxh6 {[%emt 0:00:08]} 27. Rh1 {[%emt 0:00:01]} Kg7 {[%emt 0:11:14]} 28. Qd7 {[%emt 0:00:13]} Nc8 {[%emt 0:13:08]} 29. Qh3 {[%emt 0:09:37]} h5 {[%emt 0:02:01]} 30. f4 {[%emt 0:00:08]} Nd6 {[%emt 0:08:48]} 31. fxe5 {[%emt 0:00:24]} Nxe4 {[%emt 0:01:31]} 32. Qf5 {[%emt 0:22:22]} Rd8 {[%emt 0:01:50]} 33. Re1 {[%emt 0:00:16]} Rd2+ {[%emt 0:04:57]} 34. Kg1 {[%emt 0:00:01]} Nxg3 {[%emt 0:01:23]} 35. Qf3 {[%emt 0:01:38]} Rxb2 {[%emt 0:02:24]} 36. Qxg3 {[%emt 0:00:01]} Qd5 {[%emt 0:02:17]} 37. e6 {[%emt 0:01:31]} h4 {[%emt 0:00:56]} 38. Qg4 {[%emt 0:00:43]} Qd2 {[%emt 0:00:16]} 0-1

[Event "FIDE Chesscom Grand Swiss 2019"]
[Site "Douglas-Isle of Man"]
[Date "2019.10.19"]
[Round "9.22"]
[White "Riazantsev, Alexander"]
[Black "Gonzalez Vidal, Yuri"]
[Result "*"]
[WhiteElo "2645"]
[BlackElo "2552"]
[Annotator "ChessBase"]
[PlyCount "22"]
[EventDate "2019.10.10"]
[EventType "swiss"]
[EventCountry "GBR"]
[SourceTitle "playchess.com"]
[Source "ChessBase"]
[SourceQuality "1"]
[TimeControl "40/6000+30:20/3000+30:900+30"]

1. e4 {[%emt 0:00:00]} e5 {[%emt 0:00:00]} 2. Nf3 {[%emt 0:00:00]} Nc6 {[%emt 0:00:12]} 3. d4 {[%emt 0:00:00]} exd4 {[%emt 0:00:33]} 4. Nxd4 {[%emt 0:00:00]} Bc5 {[%emt 0:00:33]} 5. Nb3 {[%emt 0:01:22]} Bb6 {[%emt 0:00:18]} 6. Qe2 {[%emt 0:00:43]} d6 {[%emt 0:06:02]} 7. Nc3 {[%emt 0:03:00]} Nf6 {[%emt 0:04:05]} 8. Be3 {[%emt 0:05:18]} O-O {[%emt 0:04:11]} 9. O-O-O {[%emt 0:00:39]} Be6 {[%emt 0:26:18]} 10. Kb1 {[%emt 0:11:40]} Re8 {[%emt 0:02:46]} 11. f3 {[%emt 0:02:26]} d5 {[%emt 0:08:54]} *